Facilitador de las interrelaciones entre comercio y ambiente /
Gorde:
| Egile nagusia: | |
|---|---|
| Beste egile batzuk: | |
| Formatua: | Texto |
| Gaiak: | |
| Etiketak: |
Etiketa erantsi
Etiketarik gabe, Izan zaitez lehena erregistro honi etiketa jartzen!
|
MARC
| LEADER | 00000 a a2200000 04500 | ||
|---|---|---|---|
| 001 | 8193 | ||
| 003 | |||
| 040 | |||
| 100 | |a Arce, Randall | ||
| 245 | |a Facilitador de las interrelaciones entre comercio y ambiente / |c Randall Arce | ||
| 650 | |a GESTION AMBIENTAL | ||
| 650 | |a POLITICA AMBIENTAL | ||
| 650 | |a COMERCIO INTERNACIONAL | ||
| 700 | |a García, Daniela |a Miranda, Donald | ||
| 773 | |g número 2; páginas 21-24 | ||
| 999 | |c 24362 |d 24362 | ||
